Don Wildmon : (Record no. 125160)
[ view plain ]
| 000 -LEADER | |
|---|---|
| fixed length control field | 01074nam a2200313 a 4500 |
| 001 - CONTROL NUMBER | |
| control field | 1983612 |
| 003 - CONTROL NUMBER IDENTIFIER | |
| control field | ARRUPE |
| 005 - DATE AND TIME OF LATEST TRANSACTION | |
| control field | 20160830113502.0 |
| 008 - FIXED-LENGTH DATA ELEMENTS--GENERAL INFORMATION | |
| fixed length control field | 891010s1989 kyua b 000 0aeng d |
| 010 ## - LIBRARY OF CONGRESS CONTROL NUMBER | |
| LC control number | 89081449 |
| 020 ## - INTERNATIONAL STANDARD BOOK NUMBER | |
| International Standard Book Number | 0917851145 |
| 035 ## - SYSTEM CONTROL NUMBER | |
| System control number | (OCoLC)21218444 |
| 040 ## - CATALOGING SOURCE | |
| Original cataloging agency | WHi |
| Transcribing agency | DLC |
| Modifying agency | DLC |
| 042 ## - AUTHENTICATION CODE | |
| Authentication code | lccopycat |
| 050 04 - LIBRARY OF CONGRESS CALL NUMBER | |
| Classification number | PN1992.6 |
| Item number | .W46 1990 |
| 300 ## - PHYSICAL DESCRIPTION | |
| Other physical details | ill. ; |
| Dimensions | 22 cm. |
| 100 1# - MAIN ENTRY--PERSONAL NAME | |
| Personal name | Wildmon, Donald E. |
| 9 (RLIN) | 25549 |
| 245 10 - TITLE STATEMENT | |
| Title | Don Wildmon : |
| Remainder of title | the man the networks love to hate / |
| Statement of responsibility, etc | by Donald E. Wildmon with Randall Nulton. |
| 250 ## - EDITION STATEMENT | |
| Edition statement | 1st ed. |
| 260 ## - PUBLICATION, DISTRIBUTION, ETC. (IMPRINT) | |
| Place of publication, distribution, etc | Wilmore, KY : |
| Name of publisher, distributor, etc | Bristol Books, |
| Date of publication, distribution, etc | c1990. |
| 300 ## - PHYSICAL DESCRIPTION | |
| Extent | 223 p.; |
| 504 ## - BIBLIOGRAPHY, ETC. NOTE | |
| Bibliography, etc | Includes bibliographical references. |
| 600 10 - SUBJECT ADDED ENTRY--PERSONAL NAME | |
| Personal name | Wildmon, Donald E. |
| 9 (RLIN) | 25549 |
| 650 #0 - SUBJECT ADDED ENTRY--TOPICAL TERM | |
| Topical term or geographic name as entry element | Mass media |
| General subdivision | Moral and ethical aspects. |
| 9 (RLIN) | 1485 |
| 650 #0 - SUBJECT ADDED ENTRY--TOPICAL TERM | |
| Topical term or geographic name as entry element | Television broadcasting |
| General subdivision | Moral and ethical aspects. |
| 9 (RLIN) | 25550 |
| 700 1# - ADDED ENTRY--PERSONAL NAME | |
| Personal name | Nulton, Randall. |
| 9 (RLIN) | 25551 |
| 906 ## - LOCAL DATA ELEMENT F, LDF (RLIN) | |
| a | 7 |
| b | cbc |
| c | copycat |
| d | 3 |
| e | opcn |
| f | 19 |
| g | y-gencatlg |
| 942 ## - ADDED ENTRY ELEMENTS (KOHA) | |
| Source of classification or shelving scheme | Library of Congress Classification |
| Koha item type | Monograph ( Printed materials) |
| Withdrawn status | Lost status | Source of classification or shelving scheme | Damaged status | Not for loan | Collection code | Home library | Current library | Shelving location | Date acquired | Total Checkouts | Full call number | Barcode | Date last seen | Price effective from | Koha item type |
|---|---|---|---|---|---|---|---|---|---|---|---|---|---|---|---|
| Library of Congress Classification | Main Collection | ARRUPE LIBRARY | ARRUPE LIBRARY | Main Collection | 30/08/2016 | PN1992.6W46 1990 | 46500009558 | 27/03/2019 | 30/08/2016 | Monograph ( Printed materials) |